00326nam a2200121Ia 4500008004100000041001200041082001100053100001700064245009300081260000600174650000600180700001800186221030s9999 xx 000 0 und d aEnglish a105.23 aSubash Metha 0aWheeler`s Question Bank Series - LAN Local Area Networkscby Subash Metha, Ramesh Bangia c0 aB aRamesh Bangia